Score 0/30 Timer 10:00
1 Play Today
Person Movie % Correct
Anna travels to Siam to teach the children of the king.The King and I
85.8%
No one is watching Kevin except a pair of robbers.Home Alone
73%
Rooster is hired by a girl who wants him to help her find the man who killed her father.True Grit
55.1%
A magical nanny comes to control 7 misbehaving children.Nanny McPhee
51.1%
Merlin and his companion, Archimedes, become unconventional teachers to a young boy.The Sword in the Stone
46.4%
A cyborg is sent back in time to protect a future leader from being assassinated as a teenager.Terminator 2
42.4%
Polly Harrington takes in her overly cheerful orphaned niece.Pollyanna
34.6%
Joanna is tricked into being a mother to 4 boys while she has amnesia.Overboard
33.9%
Brand is supposed to keep his younger brother out of trouble, but he runs into some problems when his brother's friends decide to go on an adventure.The Goonies
30.2%
Jack is 'purchased' as an amusement for a wealthy businessman's son.The Toy
21.9%
Molly's manager steals all of her money, and she is forced to grow up and get a job as a nanny for a girl who doesn't know how to be a kid.Uptown Girls
20.3%
Melanie and Jack take turns watching each other's children when both kids miss a school field trip.One Fine Day
18.3%
Kate is a busy chef who becomes guardian of her late sister's daugher.No Reservations
16.2%
Charles (and his friends) take in children who have had to leave home because they are different.X-Men
15.6%
Susan takes in her nephew while his father is out of town, but it's her own son she should really worry about.The Good Son
14.6%
Person Movie % Correct
Jason (while driving his Winnebago) helps two mysterious siblings get away from a nefarious millionaire.Escape to Witch Mountain
14.5%
An African-American housekeeper is hired to care for a girl who has stopped speaking after her mother's death.Corrina, Corrina
13%
Grace announces to the grandparents of a child she babysits that she wants to lose her virginity to her boyfriend.Valentine's Day
11.6%
Janine and Louis are babysitting until the baby is kidnapped out the window of a NYC high-rise.Ghostbusters II
10.3%
Debbie is hired as a nanny for a family's new baby, but instead she decides to marry the uncle and murder him for his money.Addams Family Values
9.3%
J.C. thinks her cousin left her a large inheritance, but instead, she gets Elizabeth.Baby Boom
9.2%
Becky Sharp works as a governess as she begins her life of social climbing.Vanity Fair
8.7%
Bad Blake loses track of his girlfriend's son when he stops for a drink in a bar.Crazy Heart
8.3%
Starr and Claire (at different times) are foster parents to the daughter of a woman in prison.White Oleander
7.7%
Sean is a pro wrestler who is hired as a bodyguard for the children of an inventor.Mr. Nanny
6.9%
Eric, after he is murdered, convinces a girl's mother to stop taking drugs.The Crow
4.8%
Erin and Terrence take in 2 orphaned siblings, but they have an ulterior motive.The Glass House
4%
Priests hide a Jewish boy at a Catholic boarding school in Nazi-occupied France.Au revoir les enfants
3.2%
Amy, an American in London, quits her job as a waitress and becomes a nanny for a widower.Jack and Sarah
1.6%
Michael adopts the daughter of a drug addict who died in the snow outside his house.A Simple Twist of Fate
1.2%
Remove Ads.
Support Sporcle.
Get the best of Sporcle when you Go Orange. This ad-free experience offers more features, more stats, and more fun while also helping to support Sporcle. Thank you for becoming a member.

You're not logged in!

Compare scores with friends on all Sporcle quizzes.
OR
Log In

Show Comments

Extras

Top Quizzes Today


Score Distribution

Your Account Isn't Verified!

In order to create a playlist on Sporcle, you need to verify the email address you used during registration. Go to your Sporcle Settings to finish the process.

Report this User

Report this user for behavior that violates our Community Guidelines.

Details: